Clases y naciones en el materialismo histórico /

Đã lưu trong:
Chi tiết về thư mục
Tác giả chính: Amin, Samir
Định dạng: eBook
Ngôn ngữ:Tiếng Tây Ban Nha
Được phát hành: Barcelona : El Viejo Topo, 1979.
Những chủ đề:
Truy cập trực tuyến:https://elibro.unach.elogim.com/es/lc/unach/titulos/209550
Các nhãn: Thêm thẻ
Không có thẻ, Là người đầu tiên thẻ bản ghi này!

MARC

LEADER 00000nam a2200000 i 4500
001 ELB209550
003 FINmELB
005 20220927121702.0
006 m o u
007 cr cn|||||||||
008 220927s1979 sp ob 000 0 spa d
020 |z 9788418550201 
035 |a (OCoLC)1348611466 
040 |a FINmELB  |b spa  |e rda  |c FINmELB 
050 1 4 |a JC311  |b A517 1979 
080 |a 342.1 
082 0 4 |a 320.54  |2 23 
100 1 |a Amin, Samir. 
245 1 0 |a Clases y naciones en el materialismo histórico /  |c Samir Amin. 
264 1 |a Barcelona :  |b El Viejo Topo,  |c 1979. 
300 |a 1 recurso en línea (256 páginas) 
336 |a texto  |b txt  |2 rdamedia/spa 
337 |a computadora  |b c  |2 rdamedia/spa 
338 |a recurso en línea  |b cr  |2 rdacarrier/spa 
504 |a Contiene referencias bibliográficas. 
588 |a Descripción basada en metadatos suministrados por el editor y otras fuentes. 
590 |a Recurso electrónico. Santa Fe, Arg.: elibro, 2021. Disponible vía World Wide Web. El acceso puede estar limitado para las bibliotecas afiliadas a elibro. 
650 0 |a Nationalism. 
650 0 |a Social classes. 
650 0 |a Economic history. 
650 4 |a Nacionalismo. 
650 4 |a Clases sociales. 
650 4 |a Historia económica. 
655 4 |a Libros electrónicos. 
797 2 |a elibro, Corp. 
856 4 0 |u https://elibro.unach.elogim.com/es/lc/unach/titulos/209550